FC Porto Managers 1976 - 2025 - Statistics

General Stats
  • This quiz has been taken 52 times
    12 since last reset
  • The average score is 20 of 34
Answer Stats
Period Nationality Answer % Correct
January 2025 - Present Argentina Martín Anselmi
100%
June 2017 - June 2024 Portugal Sérgio Conceição
100%
June 2024 - January 2025 Portugal Vitor Bruno
100%
June 2010 - June 2011 Portugal André Villas-Boas
90%
August 2006 - May 2010 Portugal Jesualdo Ferreira
90%
July 1976 - July 1980 Portugal José Maria Pedroto
90%
July 1982 - December 1983 Portugal José Maria Pedroto
90%
January 2002 - June 2004 Portugal José Mourinho
90%
May 2014 - January 2016 Spain Julen Lopetegui
90%
June 2011 - June 2013 Portugal Vítor Pereira
90%
January 2016 - May 2016 Portugal José Peseiro
80%
June 2016 - May 2017 Portugal Nuno Espírito Santo
80%
January 1994 - July 1996 England Bobby Robson
70%
May 1998 - June 2001 Portugal Fernando Santos
70%
July 1984 - May 1987 Portugal Artur Jorge
60%
November 1988 - June 1991 Portugal Artur Jorge
60%
January 2025 - January 2025 Portugal José Tavares
60%
March 2014 - May 2014 Portugal Luís Castro
60%
June 2013 - March 2014 Portugal Paulo Fonseca
60%
July 2005 - August 2006 Netherlands Co Adriaanse
50%
June 2001 - January 2002 Portugal Octávio Machado
50%
August 2006 - August 2006 Portugal Rui Barros
50%
January 2016 - January 2016 Portugal Rui Barros
50%
August 1995 - October 1995 Portugal Augusto Inácio
30%
August 2004 - February 2005 Spain Victor Fernández
30%
December 1983 - May 1984 Portugal António Morais
20%
July 1996 - May 1998 Portugal António Oliveira
20%
August 1991 - June 1993 Brazil Carlos Alberto Silva
20%
July 1980 - May 1982 Austria Hermann Stessl
20%
February 2005 - May 2005 Portugal José Couceiro
20%
June 2004 - August 2004 Italy Luigi Delneri
20%
July 1988 - October 1988 Portugal Quinito
20%
July 1987 - June 1988 Croatia Tomislav Ivić
20%
August 1993 - January 1994 Croatia Tomislav Ivić
20%
No matching quizzes found
Score Distribution
Percent of People with Each Score
Percentile by Number Answered
Your Score History
You have not taken this quiz since the last reset